Swiss electronics today

Gespeichert in:
Bibliographische Detailangaben
Körperschaft: Swiss office for trade promotion
Format: Buch
Sprache:Undetermined
Veröffentlicht: Lausanne Swiss office for trade promotion 1987
Schlagworte:
Tags: Tag hinzufügen
Keine Tags, Fügen Sie den ersten Tag hinzu!
Thư viện lưu trữ: Trung tâm Học liệu Trường Đại học Cần Thơ
LEADER 00550nam a2200193Ia 4500
001 CTU_84103
008 210402s9999 xx 000 0 und d
082 |a 380.1 
082 |b S976 
110 |a Swiss office for trade promotion 
245 0 |a Swiss electronics today 
245 0 |c Swiss office for trade promotion 
260 |a Lausanne 
260 |b Swiss office for trade promotion 
260 |c 1987 
650 |a Electronics industry 
650 |z Swiss 
904 |i QHieu(sửa) 
980 |a Trung tâm Học liệu Trường Đại học Cần Thơ